Dôchodkové schémy v praxi diplomová práca

Salvato in:
Dettagli Bibliografici
Autore principale: Halčinová, Miriam
Ente Autore: Fakulta hospodárskej informatiky EU. Katedra matematiky a aktuárstva
Altri autori: Škrovánková, Lea, 1954-
Natura: Libro
Lingua:slovacco
Pubblicazione: Bratislava 2016
Tags: Aggiungi Tag
Nessun Tag, puoi essere il primo ad aggiungerne!!

MARC

LEADER 00000nbm a2200000 4500
001 0216924
005 20170214150447.0
041 0 |a slo 
044 |a SK 
245 1 0 |a Dôchodkové schémy v praxi  |b diplomová práca  |c Miriam Halčinová ; školiteľ: Lea Škrovánková 
264 1 |a Bratislava  |c 2016 
300 |a 56 s. 
100 1 |a Halčinová, Miriam 
700 1 |a Škrovánková, Lea, 1954- 
710 2 |a Fakulta hospodárskej informatiky EU. Katedra matematiky a aktuárstva